<?xml version="1.0" encoding="UTF-8"?>
<record
    xmlns:xsi="http://www.w3.org/2001/XMLSchema-instance"
    xsi:schemaLocation="http://www.loc.gov/MARC21/slim http://www.loc.gov/standards/marcxml/schema/MARC21slim.xsd"
    xmlns="http://www.loc.gov/MARC21/slim">

  <leader>03458cam a2200289   4500500</leader>
  <controlfield tag="005">20251228061308.0</controlfield>
  <datafield tag="041" ind1=" " ind2=" ">
    <subfield code="a">fre</subfield>
  </datafield>
  <datafield tag="042" ind1=" " ind2=" ">
    <subfield code="a">dc</subfield>
  </datafield>
  <datafield tag="100" ind1="1" ind2="0">
    <subfield code="a">Bidet, Jacques</subfield>
    <subfield code="e">author</subfield>
  </datafield>
  <datafield tag="245" ind1="0" ind2="0">
    <subfield code="a">La plus-value n&#x2019;est pas une &#xAB;&#xA0;survaleur&#xA0;&#xBB;. Une alternative critique &#xE0; l&#x2019;approche d&#x2019;&#xC9;tienne Balibar</subfield>
  </datafield>
  <datafield tag="260" ind1=" " ind2=" ">
    <subfield code="c">2023.
							</subfield>
  </datafield>
  <datafield tag="500" ind1=" " ind2=" ">
    <subfield code="a">56</subfield>
  </datafield>
  <datafield tag="520" ind1=" " ind2=" ">
    <subfield code="a">Dans la version fran&#xE7;aise du Capital, Marx a choisi de traduire Mehrwert, non pas par survaleur, mais par &#xAB;&#xA0;plus-value&#xA0;&#xBB;. Heureux choix, car la diff&#xE9;rence entre les deux concepts ne rel&#xE8;ve pas seulement de la quantit&#xE9;, d&#x2019;un &#xAB;&#xA0;plus&#xA0;&#xBB;, mehr. Elle r&#xE9;pond au clivage structurel &#x2013; de l&#x2019;abstrait au concret (de pens&#xE9;e) &#x2013; entre deux registres distincts au sein du r&#xE9;el&#xA0;: au sein du rapport capitaliste. La valeur est un pouvoir sur des choses, &#xE0; vendre ou &#xE0; consommer. La plus-value est un pouvoir sur des personnes, &#xE0; exploiter pour produire plus de plus-value. La rationalit&#xE9; du rapport de valeur hante la plus-value. L&#x2019;irrationnalit&#xE9; de la plus-value est introuvable dans la valeur. Ce point d&#xE9;cisif &#xE9;chappe au marxisme commun, faute d&#x2019;avoir &#xE9;lucid&#xE9; les &#xE9;l&#xE9;ments constitutifs de la th&#xE9;orie de la valeur&#xA0;: le couple anthropologique travail concret/abstrait, la s&#xE9;quence &#xE9;pist&#xE9;mologique du rapport de travail au rapport de travail marchand. Il en suit une s&#xE9;rie de confusions portant sur l&#x2019;ensemble de la th&#xE9;orie (plus-value absolue et plus-value relative, travail productif et production, soumission formelle / soumission r&#xE9;elle, etc.), qui obscurcissent les perspectives &#xE9;conomiques, sociales et politiques que la th&#xE9;orie initi&#xE9;e par Marx ouvre &#xE0; la pens&#xE9;e critique.</subfield>
  </datafield>
  <datafield tag="520" ind1=" " ind2=" ">
    <subfield code="a">In the French version of Capital, Marx chose to translate Mehrwert, not as &#xAB;&#xA0;survaleur&#xA0;&#xBB;, but as &#xAB;&#xA0;plus-value&#xA0;&#xBB;. Happy choice, because the difference between the two concepts is not only quantity, a &#xAB;&#xA0; plus&#xA0;&#xBB;, mehr. It responds to the structural cleavage &#x2013; from the abstract to the concrete (of thought) &#x2013; between two distinct registers within reality&#xA0;: within the capitalist relation. Value is power over things, to be sold or consumed. Surplus value ( plus-value) is a power over people, to be exploited to produce more surplus value. The rationality of the relation of value haunts the surplus value. The irrationality of surplus value is nowhere to be found in value. This decisive point escapes common Marxism, for lack of elucidating the constituent elements of the theory of value&#xA0;: the anthropological couple concrete and abstract labor, the epistemological sequence from labor relationship to the commodity labor relationship. This leads to a series of confusions concerning the whole theory (absolute surplus value and relative surplus value, productive labour and production, formal submission/real submission, etc.), which obscure the economic, social and political perspectives that the theory initiated by Marx opens up to critical thought.</subfield>
  </datafield>
  <datafield tag="690" ind1=" " ind2=" ">
    <subfield code="a">critique de l&#x2019;&#xE9;conomie politique</subfield>
  </datafield>
  <datafield tag="690" ind1=" " ind2=" ">
    <subfield code="a">Marx</subfield>
  </datafield>
  <datafield tag="690" ind1=" " ind2=" ">
    <subfield code="a">plus-value</subfield>
  </datafield>
  <datafield tag="690" ind1=" " ind2=" ">
    <subfield code="a">survaleur</subfield>
  </datafield>
  <datafield tag="690" ind1=" " ind2=" ">
    <subfield code="a">th&#xE9;orie de la valeur</subfield>
  </datafield>
  <datafield tag="690" ind1=" " ind2=" ">
    <subfield code="a">critics of political economy</subfield>
  </datafield>
  <datafield tag="690" ind1=" " ind2=" ">
    <subfield code="a">Marx</subfield>
  </datafield>
  <datafield tag="690" ind1=" " ind2=" ">
    <subfield code="a">surplus value</subfield>
  </datafield>
  <datafield tag="690" ind1=" " ind2=" ">
    <subfield code="a">survalue</subfield>
  </datafield>
  <datafield tag="690" ind1=" " ind2=" ">
    <subfield code="a">theory of value</subfield>
  </datafield>
  <datafield tag="786" ind1="0" ind2=" ">
    <subfield code="n">Actuel Marx | 74 | 2 | 2023-08-02 | p. 184-205 | 0994-4524</subfield>
  </datafield>
  <datafield tag="856" ind1="4" ind2="1">
    <subfield code="u">https://shs.cairn.info/revue-actuel-marx-2023-2-page-184?lang=fr&amp;redirect-ssocas=7080</subfield>
  </datafield>
  <datafield tag="999" ind1=" " ind2=" ">
    <subfield code="c">1587606</subfield>
    <subfield code="d">1587606</subfield>
  </datafield>
</record>
